| 000 | 00971cac a22002291u 4500 | ||
|---|---|---|---|
| 008 | 081201t 2005xxu||||| |||| 00| 0 eng d | ||
| 010 | _a 98041091 | ||
| 020 | _a0131480979 | ||
| 020 | _a9780131293571 | ||
| 082 | 0 | 0 |
_a657.95 _bCHO |
| 100 |
_aChoi, Frederick D. S., _921077 |
||
| 245 | 1 | 0 |
_aInternational Accounting / _cFrederick D.S. Choi, Gary K. Meek. |
| 250 | _a5th ed. | ||
| 260 |
_aUpper Saddle River, N.J. : _bPrentice Hall, 2005 _cc2005. |
||
| 300 |
_axviii, 503 p. : _bill. ; _c24 cm. |
||
| 500 | _aOne copy Distributed by Dar Fathy Taha Mohamed Desoukey | ||
| 504 | _aIncludes bibliographical references and index. | ||
| 650 | 0 |
_aInternational business enterprises _xAccounting. _921078 |
|
| 700 | 1 |
_aMeek, Gary K., _d1949- _921079 |
|
| 942 |
_cBB _k657.95 CHO _2ddc |
||
| 999 |
_c9031 _d9031 |
||